[Event "Zurich"]
[Site "?"]
[Date "2006.08.22"]
[Round "4"]
[White "Karpov Anatoly"]
[Black "Polgar Judit"]
[Result "1-0"]
[WhiteElo "2668"]
[BlackElo "2710"]
[PlyCount "45"]
[EventDate "2006.??.??"]
[Source "www.chesslib.no"]
[SourceDate "2004.05.04"]

1. d4 Nf6 2. c4 g6 3. Nc3 Bg7 4. e4 d6 5. h3 O-O 6. Be3 Na6 7. Nf3 Qe8 8. a3 e5 9. d5 Nc5 10. Nd2 Bd7 11. Be2 a5 12. b4 Na4 13. Qc2 Nxc3 14. Qxc3 axb4 15. axb4 Nh5 16. Bxh5 gxh5 17. O-O f5 18. exf5 Bxf5 19. Kh2 Qg6 20. Nf3 Kh8 21. Ne1 Rg8 22. c5 e4 23. Bd4 1-0

[Event "Ubeda"]
[Site "?"]
[Date "1997.??.??"]
[Round "?"]
[White "Beliavsky, A."]
[Black "Khalifman, A."]
[Result "1-0"]
[WhiteElo "2665"]
[BlackElo "2650"]
[PlyCount "69"]
[EventDate "1997.??.??"]
[Source "ChessBase"]
[SourceDate "1997.02.01"]

1. d4 Nf6 2. c4 g6 3. Nc3 Bg7 4. e4 d6 5. h3 O-O 6. Bg5 Nbd7 7. Nf3 e5 8. d5 h6 9. Be3 Nc5 10. Nd2 a5 11. a3 Ne8 12. b4 axb4 13. axb4 Rxa1 14. Qxa1 Na6 15. Qa3 f5 16. Nb3 Nb8 17. c5 Nd7 18. Na5 Ndf6 19. c6 bxc6 20. Nxc6 Qd7 21. Qa8 Kh7 22. Bb5 f4 23. Bd2 f3 24. g4 Nxg4 25. Na7 Qe7 26. hxg4 Bxg4 27. Nc6 Qf7 28. Qd8 Bf6 29. Qb8 h5 30. Qa7 Bg7 31. Kd1 Nf6 32. Kc2 Nxe4 33. Nxe4 Bf5 34. Bd3 Qxd5 35. Ne7 1-0

[Event "Vidmar Memorial"]
[Site "?"]
[Date "1997.??.??"]
[Round "3"]
[White "Chernin Alexander"]
[Black "Beliavsky Alexander G"]
[Result "1/2-1/2"]
[WhiteElo "2635"]
[BlackElo "2665"]
[PlyCount "49"]
[EventDate "1997.??.??"]
[Source "www.chesslib.no"]
[SourceDate "2004.05.04"]

1. d4 Nf6 2. c4 g6 3. Nc3 Bg7 4. e4 d6 5. h3 O-O 6. Be3 e5 7. d5 a5 8. Bd3 Na6 9. Nge2 c6 10. a3 Bd7 11. Bc2 cxd5 12. cxd5 b5 13. O-O Qc7 14. Qd2 Rfc8 15. Rfc1 Qc4 16. f3 Re8 17. Nd1 Bf5 18. b4 axb4 19. axb4 Qc7 20. Nb2 Be6 21. Bb3 Nxd5 22. Kf1 Nf4 23. Ra2 Rad8 24. Rc5 Qc8 25. Rc3 1/2-1/2

[Event "Presidents Cup"]
[Site "Elista"]
[Date "1998.05.15"]
[Round "3.4"]
[White "Bareev, Evgeny"]
[Black "Sakaev, Konstantin"]
[Result "1-0"]
[WhiteElo "2675"]
[BlackElo "2620"]
[PlyCount "83"]
[EventDate "1998.05.07"]
[Source "ChessBase"]
[SourceDate "1998.08.06"]

1. d4 Nf6 2. c4 g6 3. Nc3 Bg7 4. e4 d6 5. h3 Nbd7 6. Bg5 e5 7. d5 h6 8. Be3 Nc5 9. Qc2 a5 10. Nge2 Nh5 11. g3 f5 12. Bxc5 dxc5 13. exf5 gxf5 14. g4 Nf4 15. Nxf4 exf4 16. O-O-O O-O 17. Bd3 f3 18. gxf5 Bxf5 19. Rdg1 Qf6 20. Rg3 Bxd3 21. Qxd3 Rae8 22. Rhg1 Re7 23. Kc2 Kh8 24. Rg6 Qh4 25. R1g3 a4 26. a3 b5 27. cxb5 c4 28. Qd2 Rfe8 29. Kb1 Qh5 30. Ka2 Qf5 31. Rxg7 Rxg7 32. Qxh6+ Rh7 33. Qc6 Rf8 34. Qxc4 Qe5 35. Rg4 Rxh3 36. Re4 Qg7 37. Rg4 Qf7 38. Qxa4 Rh2 39. Qe4 Qf5 40. Qd4+ Qf6 41. Qc5 Re8 42. Qxc7 1-0

[Event "Clash of the Titans - Karpov-Polgar"]
[Site "?"]
[Date "2004.09.18"]
[Round "2"]
[White "Karpov Anatoly"]
[Black "Polgar Zsuzsa"]
[Result "1-0"]
[WhiteElo "2682"]
[BlackElo "2567"]
[PlyCount "81"]
[EventDate "2004.??.??"]
[Source "www.chesslib.no"]
[SourceDate "2004.05.04"]

1. d4 Nf6 2. c4 g6 3. Nc3 Bg7 4. e4 d6 5. h3 O-O 6. Be3 c5 7. dxc5 dxc5 8. Qxd8 Rxd8 9. Bxc5 Nc6 10. Nf3 b6 11. Be3 Nd7 12. O-O-O Bxc3 13. bxc3 Ba6 14. c5 Bxf1 15. Rhxf1 Nxc5 16. Bxc5 bxc5 17. Kc2 e6 18. Rxd8+ Rxd8 19. Rb1 c4 20. Rb7 Rc8 21. g3 a5 22. a4 h6 23. Rb5 f5 24. Nd2 fxe4 25. Nxe4 Kg7 26. Rc5 Ne7 27. Rxa5 Nd5 28. Ra7+ Kg8 29. Ra6 Re8 30. a5 g5 31. Rc6 Ra8 32. a6 Kf7 33. Nc5 Ne7 34. Rxe6 Rc8 35. a7 Ra8 36. Ra6 Nc8 37. Rc6 Nxa7 38. Ra6 Ke7 39. Na4 Kf8 40. Nb2 Ke8 41. Nxc4 1-0

[Event "Kusadasi TUR"]
[Site "?"]
[Date "2006.04.16"]
[Round "3.2"]
[White "Izoria Zviad"]
[Black "Inarkiev Ernesto"]
[Result "1-0"]
[WhiteElo "2647"]
[BlackElo "2602"]
[PlyCount "47"]
[EventDate "2006.??.??"]
[Source "www.chesslib.no"]
[SourceDate "2004.05.04"]

1. d4 Nf6 2. c4 g6 3. Nc3 Bg7 4. e4 d6 5. h3 O-O 6. Be3 Nbd7 7. Bd3 c5 8. d5 Ne5 9. Nf3 Nxd3+ 10. Qxd3 a6 11. a4 Rb8 12. O-O Ne8 13. Qd2 Nc7 14. Bh6 b5 15. Bxg7 Kxg7 16. axb5 axb5 17. cxb5 Nxb5 18. b4 cxb4 19. Nxb5 Rxb5 20. Nd4 Rb7 21. Rfb1 Qb6 22. Ra4 Bd7 23. Raxb4 Qa5 24. Qb2 1-0

[Event "Belgrade"]
[Site "Belgrade"]
[Date "1993.??.??"]
[Round "2"]
[White "Bareev, Evgeny"]
[Black "Mozetic, Dejan"]
[Result "1-0"]
[WhiteElo "2660"]
[BlackElo "2580"]
[PlyCount "55"]
[EventDate "1993.12.??"]
[Source "ChessBase"]

1. d4 Nf6 2. c4 g6 3. Nc3 Bg7 4. e4 d6 5. h3 O-O 6. Bg5 Na6 7. Bd3 e5 8. d5 Qe8 9. g4 Kh8 10. Nge2 Ng8 11. Ng3 f5 12. exf5 e4 13. Ncxe4 gxf5 14. gxf5 Bxf5 15. Be3 Bxe4 16. Nxe4 Nb4 17. Rg1 Qe5 18. a3 Nxd3+ 19. Qxd3 Rae8 20. Ng5 Rf5 21. Ne6 Rxe6 22. dxe6 Ne7 23. Rg4 b6 24. Qc2 Qxb2 25. Qxb2 Bxb2 26. Rb1 Be5 27. Kd2 Ng6 28. Rxg6 1-0

[Event "4th Open A"]
[Site "Moscow RUS"]
[Date "2008.02.06"]
[Round "5"]
[White "Iljushin, A."]
[Black "Inarkiev, E."]
[Result "0-1"]
[WhiteElo "2549"]
[BlackElo "2681"]
[PlyCount "188"]
[EventDate "2008.02.02"]
[Source "www.chesslib.no"]
[SourceDate "2004.05.04"]

1. d4 Nf6 2. c4 g6 3. Nc3 Bg7 4. e4 d6 5. h3 O-O 6. Be3 c5 7. d5 b5 8. cxb5 a6 9. bxa6 Qa5 10. Qd2 Nbd7 11. Nf3 Bxa6 12. Bxa6 Qxa6 13. Qe2 Rfb8 14. Qxa6 Rxa6 15. Rb1 Nb6 16. Nd2 Na4 17. Ke2 Nd7 18. Rhc1 Nxb2 19. Rc2 f5 20. Rcxb2 Rxb2 21. Rxb2 Bxc3 22. Rb7 Nf6 23. Rxe7 Rxa2 24. f3 Nh5 25. Kd3 Bf6 26. Rb7 f4 27. Bg1 Ng3 28. Nc4 Rxg2 29. Bxc5 dxc5 30. e5 Bh4 31. e6 Re2 32. Nd6 Re3+ 33. Kc4 Nf5 34. Nxf5 gxf5 35. Rf7 Rxf3 36. d6 Re3 37. Kd5 c4 38. Rxf5 c3 39. Rxf4 Rd3+ 40. Kc6 c2 41. Rc4 Bg3 42. d7 Kf8 43. Rxc2 Ke7 44. Re2 h5 45. h4 Rd4 46. Rg2 Bxh4 47. Rh2 Rg4 48. Rh1 Rf4 49. Rh3 Re4 50. Kd5 Ra4 51. Kc6 Rd4 52. Rh1 Rd6+ 53. Kb5 Bf6 54. Rxh5 Kxe6 55. Rh7 Rd1 56. Kc4 Be7 57. Rh3 Rxd7 58. Re3+ Kf5 59. Re2 Bf6 60. Re1 Be5 61. Rh1 Rd4+ 62. Kc5 Rd7 63. Rh5+ Ke4 64. Rh4+ Bf4 65. Rg4 Rc7+ 66. Kb5 Ke5 67. Rh4 Be3 68. Rh5+ Kd6 69. Rh3 Bd4 70. Rh6+ Kd5 71. Rh5+ Be5 72. Rg5 Rb7+ 73. Ka5 Kd4 74. Rh5 Rb8 75. Rg5 Bc7+ 76. Ka6 Kc4 77. Rh5 Bd6 78. Ka7 Rb2 79. Rg5 Bc5+ 80. Ka8 Kb5 81. Kb7 Ra2 82. Rg6 Ra7+ 83. Kc8 Bb6 84. Re6 Rg7 85. Rh6 Rc7+ 86. Kb8 Ka6 87. Rg6 Rd7 88. Rg8 Rb7+ 89. Kc8 Rc7+ 90. Kb8 Rc6 91. Re8 Bc5 92. Ka8 Bd6 93. Rd8 Kb6 94. Rg8 Rc5 0-1

[Event "Europa ch 2008"]
[Site "Plovdiv BUL"]
[Date "2008.04.22"]
[Round "2.11"]
[White "Miroshnichenko, Evgenij"]
[Black "Markos, Jan"]
[Result "1/2-1/2"]
[WhiteElo "2642"]
[BlackElo "2565"]
[PlyCount "30"]
[EventDate "2008.04.21"]
[Source "www.chesslib.no"]
[SourceDate "2004.05.04"]

1. d4 Nf6 2. c4 g6 3. Nc3 Bg7 4. e4 d6 5. h3 O-O 6. Be3 c5 7. dxc5 Qa5 8. Bd3 dxc5 9. e5 Nfd7 10. f4 Rd8 11. Qe2 Nc6 12. Nf3 Nd4 13. Nxd4 Nxe5 14. fxe5 cxd4 15. Bd2 dxc3 1/2-1/2

[Event "Jugoslavija"]
[Site "?"]
[Date "1993.??.??"]
[Round "?"]
[White "Malaniuk, V."]
[Black "Damljanovic, B."]
[Result "1/2-1/2"]
[WhiteElo "2635"]
[BlackElo "2570"]
[PlyCount "127"]
[EventDate "1993.??.??"]
[Source "ChessBase"]
[SourceDate "1993.06.01"]

1. d4 Nf6 2. c4 g6 3. Nc3 Bg7 4. e4 d6 5. h3 O-O 6. Bg5 Nbd7 7. Bd3 c6 8. Nge2 Qb6 9. Rb1 a5 10. O-O e5 11. d5 cxd5 12. Na4 Qd8 13. cxd5 h6 14. Be3 b5 15. Nac3 b4 16. Na4 Nh5 17. Qc1 f5 18. Bxh6 fxe4 19. Bxe4 Ba6 20. Bxg7 Kxg7 21. Re1 Bb5 22. b3 Qh4 23. Qe3 Bxa4 24. bxa4 Nc5 25. Bc2 Rf6 26. Ng3 Raf8 27. Nxh5+ Qxh5 28. Rf1 Rf4 29. Rbc1 Rd4 30. Rfd1 Rff4 31. Kh2 Rc4 32. Bd3 Rxc1 33. Rxc1 Rd4 34. Be2 Qf5 35. Rc4 Rxc4 36. Bxc4 Qf4+ 37. Qxf4 exf4 38. Bb3 g5 39. h4 gxh4 40. Kh3 Nd3 41. Kxh4 Kf6 42. g4 Nxf2 43. Bc2 Ke5 44. g5 Ne4 45. g6 Nf6 46. g7 f3 47. Kh3 Kf4 48. Bd3 Ke3 49. Bc4 Kd4 50. Bb3 Kd3 51. Kh2 f2 52. Kg2 Ke2 53. Bc4+ Ke1 54. Ba6 Ng8 55. Bf1 Nf6 56. Bb5 Ng8 57. Bd3 Nf6 58. Bc4 Ng8 59. Bb5 Nf6 60. Ba6 Ng8 61. Bf1 Nf6 62. Bb5 Ng8 63. Kf3 Ne7 64. Kg2 1/2-1/2

[Event "Peristeri"]
[Site "?"]
[Date "1996.??.??"]
[Round "?"]
[White "Nikolaidis, I."]
[Black "Kotronias, V."]
[Result "1/2-1/2"]
[WhiteElo "2585"]
[BlackElo "2615"]
[PlyCount "99"]
[EventDate "1996.??.??"]
[Source "ChessBase"]
[SourceDate "1996.10.01"]

1. d4 Nf6 2. c4 g6 3. Nc3 Bg7 4. e4 d6 5. h3 O-O 6. Nge2 c6 7. g4 d5 8. cxd5 cxd5 9. e5 Ne4 10. Nxe4 dxe4 11. Bg2 Be6 12. Bxe4 Bd5 13. Bxd5 Qxd5 14. O-O Nc6 15. Qb3 Qe4 16. Qe3 Qc2 17. Bd2 Qxb2 18. Rfb1 Qc2 19. Rxb7 Rab8 20. Rxb8 Rxb8 21. Rc1 Rb1 22. Kg2 Rxc1 23. Nxc1 e6 24. Qd3 Qxd3 25. Nxd3 Nxd4 26. Be3 Nc6 27. f4 f6 28. exf6 Bxf6 29. Kf3 Kf7 30. Ke4 h5 31. gxh5 gxh5 32. f5 exf5+ 33. Kxf5 Bd8 34. Ne5+ Nxe5 35. Kxe5 a6 36. Kf5 Bh4 37. Bg5 Be1 38. Bf6 Bd2 39. Bh4 Be3 40. a4 Bd2 41. Ke5 Kg6 42. Kd5 Kf5 43. Kc6 Kf4 44. Kb6 Kf3 45. Bd8 Kg2 46. h4 a5 47. Ka6 Be1 48. Kb5 Kf3 49. Bxa5 Bxh4 50. Bc7 1/2-1/2

[Event "DPMM sf Solingen-Godesberg"]
[Site "Bad Godesberg"]
[Date "1999.03.13"]
[Round "?"]
[White "Chernin, Alexander"]
[Black "Kasimdzhanov, Rustam"]
[Result "1/2-1/2"]
[WhiteElo "2604"]
[BlackElo "2595"]
[PlyCount "82"]
[EventDate "1999.03.??"]
[Source "www.chesslib.no"]
[SourceDate "2004.05.04"]

1. d4 Nf6 2. c4 g6 3. Nc3 Bg7 4. e4 d6 5. h3 O-O 6. Bg5 Nbd7 7. Bd3 e5 8. d5 c6 9. Nge2 cxd5 10. Nxd5 h6 11. Nxf6+ Nxf6 12. Be3 b5 13. Nc3 b4 14. Ne2 Bb7 15. f3 a5 16. Qd2 Nh7 17. Bc2 Qh4+ 18. Bf2 Qg5 19. Qxg5 Nxg5 20. O-O-O Rfc8 21. Rxd6 Rxc4 22. Kb1 Bf8 23. Rd7 Bc6 24. Rd2 Be8 25. Nc1 a4 26. Nd3 f6 27. b3 Rc3 28. Nb2 axb3 29. axb3 Bf7 30. Na4 Rc6 31. Rhd1 Ne6 32. Nb6 Ra3 33. Nc4 Rxc4 34. bxc4 b3 35. Bd3 Bb4 36. Rb2 Nc5 37. Bxc5 Bxc5 38. Be2 Bd4 39. Rxd4 exd4 40. Rd2 Kf8 41. g4 Ke7 1/2-1/2

[Event "Elista (ol) 73/646"]
[Site "?"]
[Date "1998.??.??"]
[Round "?"]
[White "Van Wely, Loek"]
[Black "Damljanovic, Branko"]
[Result "0-1"]
[WhiteElo "2635"]
[BlackElo "2555"]
[PlyCount "100"]
[Source "ChessBase"]
[SourceDate "1998.06.01"]

1. d4 Nf6 2. c4 g6 3. Nc3 Bg7 4. e4 d6 5. h3 O-O 6. Bg5 Na6 7. Nge2 Qe8 8. Ng3 e5 9. d5 h5 10. Be2 Nh7 11. Be3 h4 12. Nf1 f5 13. a3 Nc5 14. Nd2 Bd7 15. Qc2 Na4 16. Ndb1 a6 17. Nxa4 Bxa4 18. b3 Bd7 19. Nc3 Qe7 20. Qc1 Rae8 21. Ra2 Bf6 22. O-O Bg5 23. Bxg5 Qxg5 24. Qxg5 Nxg5 25. exf5 gxf5 26. f4 exf4 27. Rxf4 Re3 28. Rc2 Rxh3 29. Ne4 fxe4 30. Rxf8+ Kxf8 31. gxh3 Nxh3+ 32. Kh2 Ke7 33. b4 Nf4 34. c5 dxc5 35. bxc5 Nxd5 36. c6 Bxc6 37. Bxa6 Kd6 38. Bc4 Nf4 39. Bf1 e3 40. a4 Bd5 41. a5 c5 42. a6 bxa6 43. Bxa6 Be6 44. Kg1 Kd5 45. Bc4+ Kd4 46. Bxe6 Nxe6 47. Rh2 Kd3 48. Rxh4 c4 49. Kf1 c3 50. Rh2 Nd4 0-1

[Event "TCh-ROU Superliga"]
[Site "Predeal ROU"]
[Date "2007.10.19"]
[Round "7"]
[White "Miroshnichenko, E."]
[Black "Grigore, Ge"]
[Result "1-0"]
[WhiteElo "2651"]
[BlackElo "2538"]
[PlyCount "117"]
[EventDate "2007.10.13"]
[Source "www.chesslib.no"]
[SourceDate "2004.05.04"]

1. d4 Nf6 2. c4 g6 3. Nc3 Bg7 4. e4 d6 5. h3 O-O 6. Be3 c5 7. dxc5 Qa5 8. Bd3 dxc5 9. e5 Ne8 10. f4 f6 11. Nf3 Nc6 12. O-O fxe5 13. fxe5 Nc7 14. Nd5 Nxd5 15. cxd5 Nxe5 16. Nxe5 Rxf1+ 17. Qxf1 Bxe5 18. d6 Be6 19. Bc4 Bxc4 20. Qxc4+ Kg7 21. Bh6+ Kxh6 22. Qh4+ Kg7 23. Qxe7+ Kh6 24. Qxe5 Qd2 25. Qe7 Qg5 26. Qxb7 Rd8 27. Qe7 Qxe7 28. dxe7 Re8 29. Re1 Kg7 30. Re5 Kf6 31. Rxc5 Rxe7 32. Ra5 Ke6 33. Kf2 Kd6 34. b4 Kc6 35. Rc5+ Kb7 36. a3 Re6 37. Kf3 Ra6 38. Rc3 Re6 39. Kf4 h6 40. h4 Kb6 41. g3 Re1 42. Rc5 Rf1+ 43. Kg4 Ra1 44. Ra5 Ra2 45. Kf3 Ra1 46. Kf4 Rf1+ 47. Kg4 Ra1 48. Re5 h5+ 49. Kg5 Rxa3 50. Kxg6 Rxg3+ 51. Kxh5 Rb3 52. b5 Kc7 53. Rd5 a6 54. bxa6 Ra3 55. Kg5 Rxa6 56. h5 Ra1 57. h6 Rg1+ 58. Kf6 Kc6 59. Rg5 1-0

[Event "Weekendtoernooi"]
[Site "Windesheim"]
[Date "2004.03.21"]
[Round "5"]
[White "Kazhgaleyev, Murtas"]
[Black "Nijboer, Friso"]
[Result "1-0"]
[WhiteElo "2610"]
[BlackElo "2577"]
[PlyCount "59"]
[EventDate "2004.03.21"]
[Source "Roberto Alvarez"]
[SourceDate "2004.03.22"]

1. d4 Nf6 2. c4 g6 3. Nc3 Bg7 4. e4 d6 5. h3 O-O 6. Bg5 Na6 7. Bd3 e5 8. d5 c6 9. Nge2 Nc5 10. Bc2 cxd5 11. exd5 h6 12. Be3 Ne8 13. O-O f5 14. f4 Nd7 15. Qd2 Qe7 16. Rae1 Rf7 17. b4 Kh7 18. c5 b6 19. c6 Ndf6 20. Rd1 Nh5 21. fxe5 Qxe5 22. g4 Ng3 23. Rf3 Nxe2+ 24. Nxe2 Nf6 25. Bf4 Qe7 26. Ng3 Ne4 27. Nxe4 fxe4 28. Bxd6 Qe8 29. Rxf7 Qxf7 30. Qf4 1-0

[Event "Groningen"]
[Site "Groningen"]
[Date "1994.??.??"]
[Round "9"]
[White "Sokolov, Ivan"]
[Black "Van Wely, Loek"]
[Result "0-1"]
[WhiteElo "2625"]
[BlackElo "2560"]
[PlyCount "80"]
[EventDate "1994.12.??"]
[Source "ChessBase"]

1. d4 Nf6 2. c4 g6 3. Nc3 Bg7 4. e4 d6 5. h3 O-O 6. Be3 Na6 7. Bd3 e5 8. d5 Nh5 9. g3 Qe8 10. Be2 Nf6 11. Nf3 Nd7 12. g4 f5 13. a3 Nac5 14. gxf5 gxf5 15. Nd2 Nf6 16. Bxc5 dxc5 17. Qc2 Nxe4 18. Ndxe4 fxe4 19. Nxe4 Bf5 20. Bd3 Qh5 21. Qe2 Qh4 22. Rg1 Kh8 23. Rg3 Bxe4 24. Bxe4 Rf4 25. Rg4 Qxh3 26. Rxf4 exf4 27. O-O-O Re8 28. Qc2 f3 29. Qd3 Qh4 30. d6 cxd6 31. Bxf3 Qxf2 32. Qb3 Re3 33. Rd3 Qxb2+ 34. Qxb2 Bxb2+ 35. Kc2 Rxd3 36. Kxd3 Bxa3 37. Bxb7 Kg7 38. Ke4 Kf6 39. Kd5 h5 40. Kxd6 Kf5 0-1

[Event "Tch (Men) 2005/2006 SCG"]
[Site "?"]
[Date "2006.05.04"]
[Round "4"]
[White "Markus Robert"]
[Black "Kotronias Vasilios"]
[Result "1/2-1/2"]
[WhiteElo "2585"]
[BlackElo "2598"]
[PlyCount "76"]
[EventDate "2006.??.??"]
[Source "www.chesslib.no"]
[SourceDate "2004.05.04"]

1. d4 Nf6 2. c4 g6 3. Nc3 Bg7 4. e4 d6 5. h3 O-O 6. Be3 Na6 7. Nf3 e5 8. dxe5 dxe5 9. c5 Qxd1+ 10. Rxd1 Nb4 11. Rd2 Be6 12. a3 Na2 13. Nxa2 Bxa2 14. Bd3 Rfd8 15. O-O Rxd3 16. Rxd3 Bc4 17. Nxe5 Bxd3 18. Nxd3 Nxe4 19. Rd1 c6 20. Kf1 Rd8 21. Ke2 f5 22. Rc1 Re8 23. Kf3 Rd8 24. Ke2 h5 25. h4 Nf6 26. Rc4 Re8 27. Kf3 Nd5 28. Bd2 Kf7 29. Bg5 Bh8 30. Bd2 Re7 31. Bg5 Rd7 32. Ke2 Nc7 33. Bf4 Re7+ 34. Kf3 Nb5 35. Be3 Rd7 36. Ke2 Nc7 37. Bf4 Re7+ 38. Kf3 Nb5 1/2-1/2

[Event "Corus-B"]
[Site "Wijk aan Zee"]
[Date "2000.01.23"]
[Round "5"]
[White "Avrukh, Boris"]
[Black "Reinderman, Dimitri"]
[Result "1-0"]
[WhiteElo "2620"]
[BlackElo "2561"]
[PlyCount "85"]
[EventDate "2000.01.18"]
[Source "ChessBase"]
[SourceDate "2000.04.05"]

1. d4 Nf6 2. c4 g6 3. Nc3 Bg7 4. e4 d6 5. h3 O-O 6. Bg5 c5 7. d5 e6 8. Bd3 exd5 9. cxd5 Re8 10. Nf3 c4 11. Bc2 b5 12. a3 a6 13. O-O Nbd7 14. Qd2 Nc5 15. Rfe1 Bb7 16. Qf4 Nh5 17. Qh4 Bf6 18. Bxf6 Qxf6 19. Qxf6 Nxf6 20. Nd4 Re7 21. Re3 Rc8 22. Rae1 h5 23. f4 Kg7 24. Kf2 Ba8 25. Rg3 Kh6 26. Rge3 Kg7 27. Nf3 Rb8 28. Rd1 Rd7 29. Rd4 a5 30. Nd2 Rdd8 31. Nd1 Re8 32. Rc3 Nfd7 33. a4 bxa4 34. Nxc4 Rb4 35. Ke3 Nb7 36. Nf2 f5 37. Kd2 fxe4 38. Nxe4 Nb6 39. Nxb6 Rxd4+ 40. Ke3 Rb4 41. Rc7+ Kf8 42. Nd7+ Ke7 43. Ndf6+ 1-0

[Event "New York Hudson"]
[Site "New York"]
[Date "1993.??.??"]
[Round "3"]
[White "Yermolinsky, Alex"]
[Black "Hellers, Ferdinand"]
[Result "1/2-1/2"]
[WhiteElo "2615"]
[BlackElo "2565"]
[PlyCount "48"]
[EventDate "1993.??.??"]
[Source "ChessBase"]

1. d4 Nf6 2. c4 g6 3. Nc3 Bg7 4. e4 d6 5. h3 O-O 6. Bg5 Nbd7 7. Nf3 h6 8. Be3 e5 9. d5 Nc5 10. Nd2 a5 11. Be2 Nh7 12. h4 f5 13. h5 Qf6 14. Qc2 Na6 15. f3 f4 16. Bf2 g5 17. O-O-O Qf7 18. Nf1 Nf6 19. g4 fxg3 20. Nxg3 Ng4 21. fxg4 Qxf2 22. Nf5 Bd7 23. Qd2 Qb6 24. Rh3 Nc5 1/2-1/2

[Event "Bartis Memorial A 9198"]
[Site "?"]
[Date "1998.??.??"]
[Round "?"]
[White "Khasin, Abram Yosifovich"]
[Black "Copie, Jose Antonio"]
[Result "1-0"]
[WhiteElo "2651"]
[BlackElo "2527"]
[PlyCount "99"]
[EventDate "1991.??.??"]
[Source "www.chesslib.no"]
[SourceDate "2004.05.04"]

1. d4 Nf6 2. c4 g6 3. Nc3 Bg7 4. e4 d6 5. h3 O-O 6. Bg5 h6 7. Be3 e5 8. d5 Nbd7 9. Bd3 Kh7 10. g4 Ng8 11. Nf3 a5 12. Qe2 Nc5 13. Bc2 Bd7 14. O-O-O Ne7 15. h4 Nc8 16. Nd2 Nb6 17. h5 g5 18. f3 Nc8 19. b3 b6 20. Nf1 Ne7 21. Ng3 Bf6 22. a3 Ng8 23. Kb2 Qb8 24. Ra1 Qb7 25. Rhb1 Rfb8 26. b4 Na6 27. bxa5 bxa5+ 28. Kc1 Qc8 29. Ba4 c6 30. dxc6 Bxc6 31. Nf5 Bxa4 32. Nxa4 Bd8 33. Rxb8 Rxb8 34. Rb1 Rxb1+ 35. Kxb1 Nf6 36. Qd3 Bc7 37. Qb3 Ne8 38. c5 Qe6 39. Qxe6 fxe6 40. Nxd6 Bxd6 41. cxd6 Nxd6 42. Kc2 Kg7 43. Kb3 Nb8 44. Bc5 Nb5 45. Kc4 Nd4 46. Bxd4 exd4 47. Nc5 Kf6 48. Kb5 a4 49. Kxa4 Nc6 50. Kb5 1-0

[Event "Campionato europeo 2007"]
[Site "Dresda GER"]
[Date "2007.04.11"]
[Round "8.63"]
[White "Dziuba, Marcin"]
[Black "Areshchenko, Alexander"]
[Result "1-0"]
[WhiteElo "2525"]
[BlackElo "2647"]
[PlyCount "117"]
[EventDate "2007.04.03"]
[Source "www.chesslib.no"]
[SourceDate "2004.05.04"]

1. d4 Nf6 2. c4 g6 3. Nc3 Bg7 4. e4 d6 5. h3 O-O 6. Bg5 c6 7. Bd3 e5 8. d5 Na6 9. Nge2 Nc5 10. Bc2 a5 11. O-O h6 12. Be3 cxd5 13. cxd5 Bd7 14. a3 a4 15. Kh1 Re8 16. Qd2 Kh7 17. f4 Qb6 18. Ng3 Rec8 19. Rab1 Be8 20. fxe5 dxe5 21. d6 Qd8 22. Rbd1 Bd7 23. Rf3 Nb3 24. Qf2 Ra6 25. Bxb3 axb3 26. Bc5 Be6 27. Bb4 Nd7 28. Rxf7 Bxf7 29. Qxf7 Rac6 30. Kh2 h5 31. Rf1 Qe8 32. Qxb3 h4 33. Nge2 Rc4 34. Qd1 Qe6 35. Qe1 Bf6 36. b3 R4c6 37. Nd5 Bg5 38. Ne7 Rc1 39. Nxc1 Rxc1 40. Qe2 Rxf1 41. Qxf1 Bf4+ 42. Kg1 Qxb3 43. Nd5 g5 44. Nxf4 gxf4 45. Qf3 Qe6 46. Qg4 Qxg4 47. hxg4 Kg6 48. Kh2 Kf7 49. Kh3 Nf6 50. Kxh4 Ke6 51. g5 Nxe4 52. g6 Nf6 53. Kg5 Ne4+ 54. Kh6 Nf6 55. g7 e4 56. Bc3 Ng8+ 57. Kh7 f3 58. gxf3 exf3 59. Bd4 1-0

[Event "Cacak"]
[Site "Cacak"]
[Date "1996.??.??"]
[Round "9"]
[White "Beliavsky, Alexander G"]
[Black "Strikovic, Aleksa"]
[Result "1-0"]
[WhiteElo "2620"]
[BlackElo "2550"]
[PlyCount "61"]
[EventDate "1996.11.??"]
[Source "ChessBase"]
[SourceDate "1997.04.10"]

1. d4 Nf6 2. c4 g6 3. Nc3 Bg7 4. e4 d6 5. h3 O-O 6. Bg5 c5 7. d5 a6 8. a4 e6 9. Bd3 exd5 10. cxd5 Re8 11. Nf3 Qb6 12. O-O Qxb2 13. Rc1 Nbd7 14. Nd2 Qb6 15. Nc4 Qc7 16. f4 Nb6 17. e5 Nxc4 18. Bxc4 dxe5 19. d6 Qd8 20. Nd5 e4 21. Qb3 Be6 22. d7 Bxd7 23. Rcd1 Re6 24. f5 gxf5 25. Rxf5 e3 26. Nxf6+ Rxf6 27. Rfd5 b5 28. Rxd7 Qe8 29. axb5 axb5 30. Qxb5 e2 31. Bxe2 1-0

[Event "JUG-chT"]
[Site "Niksic"]
[Date "1997.??.??"]
[Round "3"]
[White "Georgiev, Kiril"]
[Black "Ivanovic, Bozidar"]
[Result "0-1"]
[WhiteElo "2670"]
[BlackElo "2500"]
[PlyCount "104"]
[EventDate "1997.08.27"]
[Source "ChessBase"]
[SourceDate "1997.09.26"]

1. d4 Nf6 2. c4 c5 3. d5 d6 4. Nc3 g6 5. e4 Bg7 6. Bd3 O-O 7. h3 e6 8. Bg5 exd5 9. cxd5 Qa5 10. Qd2 a6 11. Nf3 Nbd7 12. O-O Re8 13. a3 Qc7 14. Rfe1 b5 15. Rac1 Bb7 16. b4 Rac8 17. Bh6 Bxh6 18. Qxh6 Qd8 19. Qd2 Qe7 20. Bf1 Ne5 21. Nh2 cxb4 22. axb4 Nc4 23. Qd4 Qe5 24. Nf3 Qe7 25. Nb1 Ne5 26. Nfd2 Nh5 27. Qe3 Nd7 28. Nc3 Rc7 29. g4 Nhf6 30. f4 Rec8 31. Bg2 Nb6 32. Qxb6 Rxc3 33. Rxc3 Rxc3 34. Qf2 Rc2 35. Re2 h6 36. Kh2 g5 37. Bf3 gxf4 38. e5 dxe5 39. d6 Qxd6 40. Bxb7 e4 41. Nf3 Rxe2 42. Qxe2 exf3 43. Qxf3 Qxb4 44. Bxa6 Qb2+ 45. Qg2 Qe5 46. Qf3 Kg7 47. h4 b4 48. Bd3 b3 49. Bc4 b2 50. Qb7 Nxg4+ 51. Kh3 Nf2+ 52. Kh2 f3+ 0-1

[Event "Najdorf"]
[Site "Buenos Aires Najdorf"]
[Date "1992.??.??"]
[Round "1"]
[White "Chernin, Alexander M"]
[Black "Polgar, Judit"]
[Result "1/2-1/2"]
[WhiteElo "2620"]
[BlackElo "2550"]
[PlyCount "48"]
[EventDate "1992.??.??"]
[Source "www.chesslib.no"]
[SourceDate "2004.05.04"]

1. d4 Nf6 2. c4 g6 3. Nc3 Bg7 4. e4 d6 5. h3 O-O 6. Bg5 c5 7. d5 e6 8. Bd3 exd5 9. cxd5 Nbd7 10. Nf3 a6 11. a4 Qc7 12. O-O c4 13. Bc2 Re8 14. Re1 Nc5 15. a5 Nfd7 16. Bd2 Rb8 17. Nh4 b5 18. axb6 Rxb6 19. Bf4 Be5 20. Na4 Rb4 21. Qb1 Kf8 22. g3 Nb6 23. g4 Nxe4 24. Bh2 Qa7 1/2-1/2

[Event "LXIV Campionato polacco"]
[Site "Opole POL"]
[Date "2007.02.14"]
[Round "6"]
[White "Cyborowski, L."]
[Black "Kempinski, R."]
[Result "1/2-1/2"]
[WhiteElo "2580"]
[BlackElo "2590"]
[PlyCount "102"]
[EventDate "2007.02.09"]
[Source "www.chesslib.no"]
[SourceDate "2004.05.04"]

1. d4 Nf6 2. c4 g6 3. Nc3 Bg7 4. e4 d6 5. h3 Nbd7 6. Nf3 e5 7. d5 Nc5 8. Qc2 a5 9. Be3 O-O 10. Be2 Nh5 11. g3 f5 12. exf5 Bxf5 13. Qd1 e4 14. Nd4 Bd7 15. Nb3 b6 16. Qd2 Qe7 17. Nd4 a4 18. O-O-O a3 19. b3 Qe5 20. Qc2 Rf7 21. Kb1 Raf8 22. Bg4 Nf6 23. Bf4 Qe8 24. Bxd7 Qxd7 25. Be3 Ra8 26. Nc6 h5 27. Bd4 Qf5 28. Be3 Nfd7 29. Rdg1 Qf6 30. Bd4 Qf3 31. Bxg7 Kxg7 32. Re1 Nd3 33. Nxe4 Nxe1 34. Rxe1 Nc5 35. Nd4 Qd3 36. Ne6+ Kh6 37. f4 Qxc2+ 38. Kxc2 Nxe6 39. dxe6 Re7 40. Nf6 c6 41. g4 Rf8 42. g5+ Kg7 43. b4 Rxf6 44. gxf6+ Kxf6 45. Kb3 Rxe6 46. Rxe6+ Kxe6 47. Kxa3 Kf5 48. Kb3 Kxf4 49. a4 g5 50. a5 bxa5 51. bxa5 g4 1/2-1/2